SpongeBob SquarePants Quotes - Statistics

General Stats
  • This quiz has been taken 130 times
  • The average score is 20 of 29
Answer Stats
Hint Answer % Correct
"Is this the Krusty Krab?" "No, this is ______!" Patrick
96%
"I thought of something funnier than 24... __!" 25
95%
"Is __________ an instrument?" Mayonnaise
94%
"You need six hundred to pass, you got ___." six
92%
"You got it set to M for mini, when it should be set to W for _____." Wumbo
89%
"I order the food, you cook the food. The customer gets the food. We do that for 40 years, and then we ___." Die
88%
"_ is for Fire that burns down the whole town! _ is for Uranium bombs, _ is for No survivors!" F.U.N.
88%
"______ ____ _____, is the pizza for you and me!" Krusty Krab Pizza
88%
"_______, _______. Give me the formuoli." Ravioli
88%
"Who are you calling Pinhead? I wanna be _____ ___." Dirty Dan
83%
"Well, it may be stupid, but it's also ____." Dumb
83%
"I'm ugly and I'm _____!" Proud
83%
"The best time to wear a _______ _______ is all the time." Striped Sweater
81%
"Sandy's a ____?" Girl
80%
"Squidward... I used your ________ to unclog my toilet!" Clarinet
77%
"Good morning Krusty ____!" Crew
74%
"You mean you've never heard the story of the... ____-________ _______?" Hash-Slinging Slasher
72%
"You don't need a license to drive a ________." Sandwich
72%
"We don't need television... not as long as we have our ___________." Imagination
70%
"I'll have you know that I stubbed my toe last week while watering my spice garden and I only cried for __ _______." 20 minutes
54%
"Remember, licking _________ is illegal on other planets." Doorknobs
48%
"A five-letter word for happiness... _____." MONEY
46%
"This is not your average, everyday darkness. This is... ________ darkness." ADVANCED
45%
"Good people don't rip other people's ____ off." Arms
39%
"Aw, cheer up Squid! It could be worse!" "Yeah. You could be ____ ___ ____ _ ___ ____." Bald and have a big nose
39%
"I'm hotter than a hickory smoked _______!" Sausage
36%
"Squidward that's not the _____ ______, that's a copy of the _____ ______." Peace Treaty
34%
"Run Mr. Krabs! Run like you're not in a ____!" Coma
29%
I guess hibernation is the opposite of ______ _____." Beauty Sleep
26%
No matching quizzes found
Score Distribution
Percent of People with Each Score
Percentile by Number Answered
Your Score History
You have not taken this quiz